Personnages de Super Mario Bros. Wonder - Statistiques

Statistiques générales
  • Ce quiz a été pris 93 fois
  • Le résultat moyen est 9 sur 12
Statistiques - réponses
Réponse % Correct
Mario
100%
Luigi
98%
Peach
98%
Daisy
89%
Yoshi vert
82%
Toad bleu
66%
Toad jaune
63%
Yoshi jaune
63%
Yoshi rouge
62%
Carottin
61%
Toadette
59%
Yoshi bleu ciel
34%
Aucun quiz correspondant
Distribution des résultats
% des personnes avec chaque résultat
Percentile par nombre de réponses
Votre historique - résultats
Vous n’avez pas pris ce quiz